000 00379pam a2200157a 44500
008 230515b1967 xxu||||| |||| 00| 0 eng d
020 _aNULL
041 _aENGLISH
082 _a630
100 _a3910-1966
245 _aSPECIFICATION FOR CURRENT METERS (CUP TYPE) FOR WATER FLOW MEASUREMENT
250 _a0
260 _aDELHI
_bISI
_c1967
300 _a23
650 _aNULL
999 _c652025
_d652025